Audicions de Lieder. III / textos traduïts directament i adaptats a la música per Joaquim Pena
Descripción Física:
96 p. ; 21 cm
Otros Autores:
Catalunya. Direcció General de Radiodifusió
Materias:
Música vocal
MARC
| LEADER | 00000nam a2200000Ia 4500 | ||
|---|---|---|---|
| 001 | 668 | ||
| 008 | 160829s1938 xx 000 0 cat d | ||
| 080 | |a B-1-157 | ||
| 100 | |a Pena, Joaquim |9 20222 | ||
| 245 | |a Audicions de Lieder. III / textos traduïts directament i adaptats a la música per Joaquim Pena | ||
| 260 | |a Barcelona : |b Direcció General de Radiodifusió de la Generalitat de Catalunya, |c 1938 | ||
| 300 | |a 96 p. ; |c 21 cm | ||
| 650 | |a Música vocal |9 20614 | ||
| 700 | |a Catalunya. Direcció General de Radiodifusió |9 20615 | ||
| 901 | |a Arxiu | ||
| 942 | |n 1 | ||
| 952 | |0 0 |1 0 |4 0 |6 B1157 |7 1 |9 41608 |a Arxiu |b Arxiu |d 2016-12-01 |l 0 |o B-1-157 |p 668 |r 2016-12-01 00:00:00 |w 2016-12-01 |y ARXIU | ||
| 999 | |c 43498 |d 43498 | ||